[Event "Hart House Reading Week"]
[Site "?"]
[Date "2024.02.19"]
[Round "6"]
[White "Mao, Fengxi"]
[Black "Shih, Matthew"]
[Result "1-0"]
[WhiteElo "2315"]
[BlackElo "2231"]
[Annotator "John Upper"]
[PlyCount "107"]
[SourceVersionDate "2024.01.27"]

1. Nf3 Nf6 2. b3 g6 3. Bb2 Bg7 4. g3 O-O 5. Bg2 {[#] White scores 60% from
here (which is excelltent) but only +14 Elo (which isn't). This suggests it's
the kind of opening higher-rated White players try when they hope to outclass
their opponents, and that they may be mistaken in doing so!?} d5 (5... a5 $5 6.
O-O a4 (6... d5 7. c4) 7. c4 d6 8. d4 Nbd7 9. Nc3 Nb6 10. Qc2 d5 11. c5 a3 12.
Bxa3 Rxa3 13. cxb6 cxb6 14. Rfc1 Bf5 $11 {Carlsen,M (2838)-Jobava,B (2701) PRO
League KO Stage rapid 2017 (4.4) 0-1}) 6. c4 c6 7. O-O Re8 8. d4 e6 9. Nc3 Nbd7
10. Qc2 b6 11. e4 dxe4 {[#]} 12. Nxe4 (12. Ng5 $5 $146) (12. Ne5 $5 $146) 12...
Nxe4 (12... Bb7 $4 13. Nd6 $18 Qc7 14. Nxe8 $18 {Jones,G (2670)-Dourerassou,J 
(2477) EU-ch qual Online 2020 (10) 1-0}) 13. Qxe4 Bb7 14. Rad1 (14. Rfd1 $5 {
keeping the Ra1 might get a better version of the c5 sac White tries in the
game.}) 14... Qc7 (14... Rc8 15. Ne5 Qe7 16. Rd2 Nf6 $6 17. Qf3 Red8 18. Rfd1
Rc7 19. Qe3 Rdc8 20. h3 $16 {White has a solid space advantage.} Rb8 21. Bc3
Rbc8 22. Bb2 Rb8 23. Bc3 Rbc8 {Schoppen,C (2507)-Santiago,Y (2490) Vlissingen
HZ op 24th 2022 (8) 1/2-1/2}) 15. Ne5 Nxe5 16. dxe5 Rab8 {[#]} 17. c5 $5 $146 {
Stops Black from equalizing simply with ...c5.} bxc5 18. Rd6 Qa5 19. Qc2 (19.
Ra1 {is not as stupid as it looks, and doesn't allow Black to liquidate the
weak c5-pawn, since after} c4 20. Qxc4 {e5 is not hanging:} Bxe5 $4 21. b4 $18)
19... c4 $1 (19... Qxa2 $4 20. Ra1 $18) 20. Bc3 cxb3 21. axb3 Qc5 22. b4 Qc4
23. Rd4 Qb5 24. Ra1 a6 25. Ra5 Qb6 26. Rd6 Red8 27. Qd2 Rxd6 28. exd6 Bxc3 29.
Qxc3 {[#]White is down a pawn but has more than enough compensation.} Rd8 $2 (
29... Ba8 $8 $11) 30. Qc5 $1 $18 {[%mdl 4096] The Qb6 is trapped and the
exchange on c5 will support White's Pd6.} Qxc5 $8 31. bxc5 Kf8 32. Ra3 $6 Ra8 {
[#]} 33. Ra5 {Keeping Black's pawns blocking Black's pieces. White is still
winning, despite the wasted tempi.} (33. Rb3 $5 Ra7 $8 34. Bf3 (34. Rxb7 $4 {
does not work} Rxb7 35. Bxc6 Rb1+ $8 36. Kg2 Rc1 $8 $19) 34... a5 35. Bd1 $1 a4
36. Ra3 $8 Ra5 37. Bxa4 $8 Rxc5 (37... Ba6 38. Rb3 $8 $18) 38. Rb3 Ba6 39. Rb8+
Kg7 40. d7 $18 {Black has no miracle escape, though it is close:} Rc1+ 41. Kg2
Bf1+ 42. Kf3 Rc3+ 43. Ke4 Rc4+ 44. Ke5 (44. Ke3 Rc3+ 45. Kd2 Rd3+ 46. Ke1 Rxd7
47. Kxf1 $18 {would be a headache.}) 44... f6+ 45. Kd6 $1 Rxa4 46. d8=Q Rd4+
47. Kxe6 Bh3+ 48. Ke7 Re4+ 49. Kd6 Rd4+ 50. Kxc6 $18) 33... Ke8 34. f4 Kd7 35.
Kf2 Re8 36. Bh3 Rb8 37. Bf1 Bc8 {[#]} 38. Bxa6 $2 (38. Ke3 $142 {so the K can
defend c5, or cross over via e5 and f6. If Black tries to sit tight with} Ra8
39. g4 f6 40. g5 $1 {so the White K can attack e6 from e5.} Ke8 $1 {to defend
e5 with the K. I think White should win with something like Bc4, Ra2-b2-b6,
but even with the computer saying +5 haven't found a fully convincing line.})
38... Bxa6 $11 (38... Ra8 $4 39. Bxc8+ Rxc8 40. Ra7+ $18) 39. Rxa6 Rb5 $8 $11 {
Now that the Bs are gone Black can immediately target the pawn that supports
White's pride and joy on d6.} 40. Ra7+ Kd8 (40... Ke8 41. Re7+ Kd8 $8 (41...
Kf8 $4 42. Rc7 $18)) 41. Rxf7 Rxc5 42. Rxh7 $11 {[%mdl 64] [#]Critical Position
} Rh5 $4 (42... Rd5 $2 43. Rh6 $8 (43. Rg7 $2 Rd2+ $8 44. Ke3 Rxh2 45. Rxg6 Kd7
$11) 43... Kd7 44. h4 $8 $18) (42... e5 $8 $11 43. Rg7 exf4 44. gxf4 Rf5 45.
Ke3 Rf6 $11 {even if all the pawns on the 6th rank disappear, the f and h
pawns only draw if Black's K isn't stuck on the back rank.}) 43. Rxh5 $8 $18
gxh5 44. h4 {This wins, and may or may not be more straightforward than:} (44.
h3 $1 Kd7 45. g4 Kxd6 46. g5 $8 c5 47. Ke2 e5 (47... Ke7 48. Kd3 Kf7 49. Kc4 h4
(49... Kg6 50. h4 $18) 50. Kxc5 Kg6 51. Kd6 $18) (47... h4 48. Kd3 e5 49. g6 $8
Ke6 50. fxe5 $18) 48. g6 $8 Ke6 49. fxe5 $8 $18 {[#] a position that reappears
several times in this analysis.}) 44... Kd7 {[#]} 45. g4 $8 Kxd6 46. g5 $8 $18
e5 47. fxe5+ $2 (47. f5 $2 $11 c5 48. Ke3 Kd7 49. Kd3 Ke7 50. f6+ (50. Kc4 e4
$8 $11) 50... Ke6 51. Ke3 Kf7 52. Ke4 c4 $8 $11 {Both Ks can stop the pawns
but never capture them.}) (47. g6 $1 $18 Ke6 48. fxe5 $8 $18 {as in the
variations at move 44.} (48. f5+ $2 Kf6 49. Ke3 Kg7 $11 (49... c5 $11))) (47.
Kf3 $1 $18 {is simplest} c5 48. Ke4 (48. g6 Ke6 49. fxe5 $8 $18) 48... exf4 49.
Kxf4 $8 $18) 47... Kxe5 $11 48. Ke3 {[%mdl 4160] [#]Critical Position} Kf5 $4 (
48... c5 $8 $11 {Black can defend the c5-pawn from d5 or d6 and stay within
the square of the g5-pawn.} 49. Kd3 Kd5 $8 50. Kc3 Ke6 (50... Kd6 $4 51. Kc4
$18) (50... Ke5 $11) 51. Kc4 Kd6 52. Kb5 Kd5 $8 $11 53. Ka5 Ke5 $11 (53... c4
$4 54. Kb4 $18)) (48... Kd5 49. Kf4 $8 $18 Ke6 50. Ke4 Kd6 51. Kf5 c5 52. Kf6
$18 {White's new Q will check from d8 and c8, skewering the new piece on c1
before it has a chance to move.}) 49. Kd4 Kg4 (49... Ke6 50. Ke4 $8 c5 51. Kf4
$8 Kd5 52. g6 {also works, since White promotes with check;} (52. Kf5 Kd6 53.
Kf6 $18 {with the same position as at the end of the previous note.}) 52... Ke6
53. Kg5 c4 54. Kh6 c3 55. g7 $18) 50. g6 Kxh4 51. g7 Kh3 52. g8=Q h4 53. Ke3
Kh2 54. Kf2 {[editor - insert cliche about the importance of knowing endgames.]
} 1-0

[Event "Ottawa Winter Open"]
[Site "Ottawa"]
[Date "2023.01.21"]
[Round "2.2"]
[White "Gordon, David"]
[Black "Rodrigue Lemieux, Shawn"]
[Result "0-1"]
[WhiteElo "2221"]
[BlackElo "2528"]
[Annotator "John Upper"]
[PlyCount "72"]
[EventDate "2023.??.??"]
[EventType "swiss"]
[EventRounds "5"]
[EventCountry "CAN"]
[SourceTitle "Chess Canada Tacticosaru"]
[Source "CFC-JKU"]
[SourceDate "2023.02.26"]
[SourceVersion "1"]
[SourceVersionDate "2023.02.26"]
[SourceQuality "1"]
[WhiteClock "0:29:59"]
[BlackClock "0:35:09"]

{The following game was the last postion in the previous all-tactics issue. Here's
the full game, and it's a teaser for an upcoming issue where Shawn Rodrigue
annotates his favourite games from the past few years. [Spoiler: this wasn't
one of them.]} 1. c4 e6 2. g3 d5 3. Bg2 Nf6 4. Nf3 Be7 5. O-O O-O 6. b3 b6 7.
d4 Bb7 8. Nbd2 a5 9. Bb2 a4 $11 {[#]This is a simple way for Black to equalize
against many early b3 lines, including this double-fianchetto.} 10. bxa4 {
SF16's top choice, but still just equal.} (10. Qc2 Nbd7 (10... a3 11. Bc3 $11)
11. Ne5 c5 12. dxc5 bxc5 13. cxd5 exd5 14. Ndc4 $2 {This attempt to trade
minors fails to Black's accurate play:} axb3 $1 15. axb3 Rxa1 {So the Ra8
won't hang on Bxb7.} 16. Bxa1 dxc4 17. Bxb7 Nxe5 18. Bxe5 Qb6 $8 {This double
attack on b7 and b3 wins.} 19. Bxf6 (19. Bf3 cxb3 $19) 19... cxb3 20. Qc4 Bxf6
$19 {Yu,Z (2394)-Rodrigue Lemieux,S (2242) Montreal op 2019 (3) 0-1 with
connected passed pawns, White didn't last long in}) 10... Qd7 11. cxd5 exd5 12.
Qc2 Bd6 13. e4 Nxe4 14. Nxe4 dxe4 {[#]} 15. Ne5 (15. Ng5 $5 f5 16. Qb3+ Kh8 17.
Ne6 $13) 15... Qxa4 16. Bxe4 Bxe4 17. Qxe4 Nd7 18. Ng4 Rfe8 19. Qd3 Qa6 20. Qf5
Nf8 21. d5 {[%mdl 832] [#] Critical Position  Material is equal, Black's pawn
structure is better, but White has pieces menacing Black's king. Should Black
improve his Q with ...Qb5 or ...Qe2, or try to trade Qs with ...Qc8, or go ...
Ng6, or something else?} Qe2 $4 (21... Qb5 $4 22. Nh6+ ({or} 22. Nf6+ {or Bxg7,
they all win.}) 22... gxh6 23. Qf6 $18) (21... Qc8 $4 22. Nh6+ $8 $18 gxh6 23.
Qf6 Be5 24. Bxe5 $18) (21... Ng6 $2 22. Bxg7 $3 $16 Kxg7 23. Qf6+ Kf8 24. Nh6
Re7 25. Rae1 $8 (25. Nf5 $2 Be5 $19) (25. Rfe1 $2 Rae8 $11) 25... Rae8 26. Nf5
$8 $16) (21... Be7 $3 {Undeveloping the B and undefending the c7-pawn and
blocking the Re8: this move looks stupid in every way. But it does the one
essential thing: defends the kingside dark squares. If you don't see that
White was threatening piece sacs on the dark squares g7, h6, and f6 then you'd
never consider ...Be7. The computer sees all that, and rates this as the only
move to keep the balance.} 22. Qe5 f6 23. Qxc7 Qb5 $1 {forks Bb2 and d5. Black
has enough activity for the pawn; e.g. after something like:} 24. Rfb1 Qxd5 25.
Qxb6 Reb8 $11 {White can't unwind without giving back the a-pawn.}) 22. Bxg7 $8
$18 ({Black's Qe4 attacks the Bb2 and adds support to e5, so N sacs now both
fail to taking the N then blocking the long diagonal on e5; e.g.} 22. Nh6+ $4 {
(or Nf6+)} gxh6 23. Qf6 Be5 $19) 22... Ra4 {Threatening the Ng4.} (22... Kxg7
$4 23. Qf6+ Kg8 24. Nh6#) {[#]} 23. f4 $2 {White spent 9:39 on this move, and
it's a lemon. It defends the Ng4 and keeps Black pieces off e5, but neither of
those were necessary: White can give the knight for time to reload the
diagonal.} (23. Bc3 $142 {[%cal Gg4h6] Threatens immediate mate with Nh6.} Qxg4
(23... Rxg4 24. Rae1 $1 $18 {skewers Re8.}) 24. Qf6 $8 Be5 25. Bxe5 Rxe5 26.
Qxe5 $18) (23. Bd4 $142 Rxd4 24. Nh6+ Kg7 25. Qg5+ Ng6 26. Nf5+ Kg8 27. Nxd4
$18) (23. Bb2 $142 Qxb2 24. Nf6+ Qxf6 (24... Kh8 25. Nxe8 $18) 25. Qxf6 Be5 26.
Qg5+ $18 ({or} 26. Qc6 $18)) 23... Bc5+ (23... h5 $5 {allows White to force a
repetition} 24. Nf6+ (24. Qxh5 $4 Bc5+ 25. Kh1 Qe4+ $19) ({Compare this with
the game line: the Black Bc5 prevents the maneuver ...Qb5xd5 check.} 24. Bc3 $2
hxg4 25. Rae1 Qb5 $8 26. Qf6 Qc5+ $8 $19 27. Kh1 Qxd5+ $8 $19) 24... Kxg7 25.
Qg5+ (25. Nxh5+ {transposes}) 25... Ng6 26. Nxh5+ {Black can't run since} Kf8
$4 (26... Kg8 27. Nf6+ $11) 27. Rae1 $18 {closes the exit with a tempo on the
Q, and} Qxe1 28. Qh6+ $8 Ke7 29. Rxe1+ {is hopeless.}) 24. Kh1 $8 h5 $2 {
[#] Gives White a second chance!} (24... Qe4+ $142 $8 25. Qxe4 Rexe4 $8 (25...
Raxe4 $4 26. Bxf8 $18 {and a fork on f6.}) 26. Be5 Nd7 {stops the fork on f6.}
27. Bxc7 $16) 25. Nh6+ $4 (25. Bf6 $2 Qxg4 $19 {and White's Q can't get to the
long diagonal.}) (25. Bc3 $8 $18 {threatens Nh6# and prepares to reload the
dark-square attack.} Bd4 (25... Qxg4 26. Qf6 $8 Bd4 (26... Ng6 $2 {guards h8
at the cost of g7,} 27. Qg7#) 27. Bxd4 Rxd4 28. Qxd4 $18) (25... Qe4+ {saves
the K, but} 26. Qxe4 Rexe4 27. Nf6+ $18 {wins a whole rook with the discovered
check.}) (25... hxg4 26. Rae1 $8 Qb5 {defends e8, but} 27. Qf6 $8 $18 {forces
Black into a hopeless endgame:} Bd4 28. Bxd4 Qxd5+ 29. Kg1 Qxd4+ 30. Qxd4 Rxd4
31. Rxe8 $18) 26. Nh6+ Kg7 27. Bxd4+ Rxd4 {and White has a couple of ways to
win the Rd4, the simplest being} 28. Qxf7+ (28. Qg5+ $1 {is greedier and wins
more.}) 28... Kxh6 29. Qf6+ $18) 25... Kxg7 26. Qg5+ Kh7 {Threatening ...Qe4+.}
27. Rae1 Qxe1 28. Rxe1 Rxe1+ 29. Kg2 {[#]} Rxa2+ 30. Kh3 Ree2 31. Qg8+ Kxh6 32.
Qg5+ Kh7 33. Qxh5+ Kg7 34. Kg4 Nh7 $1 35. Kf5 Rxh2 36. Qg4+ Kh6 0-1